Statistics for Maya Hawke - Driver (Lyrics)

Click here to take the quiz!

General Stats

  • This quiz has been taken 11 times
  • The average score is 129 of 231

Answer Stats

Answer% Correct
a
100%
A
100%
and
100%
And
100%
I
100%
the
100%
do
89%
driver
89%
to
89%
be
78%
I'm
78%
it
78%
No
78%
you
78%
You
78%
back
67%
dad
67%
don't
67%
in
67%
mom
67%
my
67%
now
67%
Now
67%
of
67%
see,
67%
see
67%
taxi
67%
them
67%
Wanna
67%
wanna
67%
watch
67%
at
56%
cab
56%
can
56%
clear
56%
different
56%
father,
56%
father
56%
Gazing
56%
I'll
56%
me
56%
mirror
56%
movies
56%
necking
56%
pervert
56%
than
56%
that
56%
That
56%
things
56%
through
56%
tilted
56%
used
56%
your
56%
Your
56%
clean
44%
clothes
44%
cook
44%
crafted
44%
ever
44%
from
44%
go
44%
I'd
44%
Kissing
44%
like
44%
Loosely
44%
night
44%
Not
44%
not
44%
on
44%
On
44%
remind
44%
about
33%
already
33%
always
33%
dishes
33%
disheveled
33%
everyone
33%
Feel
33%
got
33%
He
33%
he
33%
house
33%
imagine
33%
just
33%
knows
33%
left
33%
medication
33%
rinsing
33%
secret
33%
sleep
33%
stay
33%
tell
33%
think
33%
up,
33%
attitude,
22%
baby
22%
Backgammon
22%
dirty
22%
drink
22%
even
22%
everything
22%
free
22%
give
22%
glass,
22%
happy
22%
Happy
22%
have
22%
hell
22%
his
22%
hurt
22%
load
22%
man
22%
miss
22%
Nothing
22%
play
22%
rose
22%
spout
22%
straight
22%
though
22%
top
22%
wants
22%
whoever
22%
bike
11%
closed
11%
let
11%
feet
11%
fontanels
11%
ground
11%
holding
11%
kite
11%
makes
11%
openness
11%
relied
11%
skull's
11%
soft
11%
spot
11%
string
11%
Thinking
11%
Trusted
11%
one's
0%
sticking
0%

Score Distribution

Percentile by Number Answered

Percent of People with Each Score

Your Score History

You have not taken this quiz